000 00730nam a2200205 i 4500
001 135234
003 ES-MaACL
005 20250805063302.0
007 t|
008 070712s1942 sp ||||1| spa d
080 _a340.114
100 0 _aTomás de Aquino,
_cSanto
_9110514
245 1 0 _aTratado de justicia y el derecho
_b: (summa theológica 2ª) /
_cSanto Tomas de Aquino ; presentación y comentarios por Joaquín Ruiz-Giménez Cortés.
250 _aEdición bilingüe en castellano y latín.
260 _aMadrid :
_b[Gráf. Administrativa],
_c1942.
300 _aXVIII, 480 p. ;
_c26 cm.
700 1 _aRuiz-Giménez, Joaquín,
_d1913-2009
_9100820
852 _aES-MaACL
_jE-3347
999 _c135234
_d135234